| 000 | 00889nmc a2200325 a 4500 | ||
|---|---|---|---|
| 003 | AR-BaBNM | ||
| 005 | 20251128211533.0 | ||
| 008 | 154120s2002 ||||||||||||||000 | spa|| | ||
| 020 | _a950-07-2222-4 | ||
| 040 | _cAR-BaBNM | ||
| 100 | 1 | _aMachado, Ana María | |
| 245 | 1 | 0 | _aMi reino por un caballo |
| 250 | _a1ª ed. | ||
| 260 |
_aBuenos Aires _bSudamericana _c2002 |
||
| 300 | 0 | _a32 p. | |
| 490 | 0 | _aPrimera Sudamericana. Infantil | |
| 500 | 0 | _aEdad sugerida: a partir de 4 años | |
| 650 | 4 | _aLITERATURA CONTEMPORANEA | |
| 650 | 4 | _aLIBROS PARA NINOS | |
| 650 | 4 | _aLITERATURA EXTRANJERA | |
| 650 | 4 | _aCUENTOS DE ANIMALES | |
| 653 | _aLITERATURA BRASILEÑA | ||
| 653 | _aLITERATURA JUVENIL | ||
| 655 | _aLITERATURA | ||
| 700 | 1 |
_aArismendi, Elbio _eilustrador |
|
| 700 | 1 |
_aCorgatelli, Rosa S. _etraductor |
|
| 800 | 0 | _aCanela | |
| 942 | _cBK | ||
| 998 | _cEugenia | ||
| 999 |
_c20079 _d20079 |
||